| 000 | 00356nam a2200133Ia 4500 | ||
|---|---|---|---|
| 008 | 230917s9999||||xx |||||||||||||| ||und|| | ||
| 040 |
_e92588 _aMAIN |
||
| 041 | _aEnglish | ||
| 082 | _a617.7 S23E | ||
| 100 | _aSharma, Keshav Kumar | ||
| 245 | 0 | _aEvaluation of the dynamics of intraocular pressure in general anaesthesia | |
| 300 | _a123 p. | ||
| 942 | _cTH | ||
| 999 |
_c50628 _d50628 |
||